<?xml version="1.0" encoding="UTF-8"?>
<marc:record xmlns:marc="http://www.loc.gov/MARC21/slim">
   <marc:leader>00000nam a2200000 a 4500</marc:leader>
   <marc:datafield ind1="1" ind2=" " tag="100">
      <marc:subfield code="a">Littlewood, Kathryn</marc:subfield>
      <marc:subfield code="4">aut</marc:subfield>
      <marc:subfield code="e">Verfasser/-in</marc:subfield>
   </marc:datafield>
   <marc:datafield ind1="0" ind2="0" tag="245">
      <marc:subfield code="a">Die Glücksbäckerei - Die magische Verwandlung</marc:subfield>
   </marc:datafield>
   <marc:datafield ind1=" " ind2="1" tag="264">
      <marc:subfield code="a">Frankfurt, M.</marc:subfield>
      <marc:subfield code="b">Fischer KJB</marc:subfield>
      <marc:subfield code="c">2015</marc:subfield>
   </marc:datafield>
   <marc:datafield ind1="1" ind2=" " tag="520">
      <marc:subfield code="a">Ihr Leben ist perfekt, nachdem Rose mit ihrer Familie nach Calamity Falls zurückgekehrt ist. Beinahe zu perfekt, findet Rose. Als würde das nächste Abenteuer sich schon ankündigen. Und richtig, Tante Lily und die Internationale Nudelholzgesellschaft verfolgen einen finsteren Plan. Bei einem Bankett wollen sie Staatsoberhäupter aus aller Welt ihrem Willen unterwerfen - mit magischem Gebäck. Doch Rose und ihre Geschwister kommen ihnen auf die Schliche. Jetzt ist es an Rose, in Windeseile alles mit einem Gegenzauber zu versehen ... (Verl.txt.)</marc:subfield>
   </marc:datafield>
   <marc:datafield ind1=" " ind2=" " tag="020">
      <marc:subfield code="a">9783737340083</marc:subfield>
      <marc:subfield code="9">9783737340083</marc:subfield>
   </marc:datafield>
   <marc:datafield ind1=" " ind2=" " tag="020">
      <marc:subfield code="a">3737340080</marc:subfield>
      <marc:subfield code="9">3737340080</marc:subfield>
   </marc:datafield>
   <marc:datafield ind1=" " ind2=" " tag="500">
      <marc:subfield code="a">aus dem Amerikan. von Eva Riekert</marc:subfield>
   </marc:datafield>
   <marc:datafield ind1=" " ind2=" " tag="300">
      <marc:subfield code="a">349 S.</marc:subfield>
   </marc:datafield>
</marc:record>
